000 00579nam a2200241 a 4500
001 nice12345678
003 IN_TiNIC
005 20260116012641.0
008 050524s0000 guna grp 000 0 eng
020 _a
_c100
082 0 0 _a235.47
_bDEV
100 _aDevadas, M
245 _aLines to Resist Satan
260 _aGuntur
_bAlvin Fishman
_c0000
300 _a76p
500 _aincludes index and biblioraphy
505 2 _aIndex, Bibliography
650 _aGood and Evil-Christianity
700 1 _aDevadas, M
902 _bSRS
942 _cBK
999 _c7806
_d7806